Security, Privacy, and Applied Cryptography Engineering Third International Conference, SPACE 2013, Kharagpur, India, October 19-23, 2013. Proceedings /

This book constitutes the refereed proceedings of the Third International Conference on Security, Privacy and Applied Cryptography Engineering held in Kharagpur, India, in October 2013. The 12 papers presented were carefully reviewed and selected from 39 submissions. The papers are organized in topi...

Full description

Bibliographic Details
Corporate Author: SpringerLink (Online service)
Other Authors: Gierlichs, Benedikt (Editor), Guilley, Sylvain (Editor), Mukhopadhyay, Debdeep (Editor)
Format: Electronic eBook
Language:English
Published: Berlin, Heidelberg : Springer Berlin Heidelberg : Imprint: Springer, 2013.
Series:Lecture Notes in Computer Science, 8204
Subjects:
Online Access:Full Text via HEAL-Link
LEADER 02515nam a22005415i 4500
001 978-3-642-41224-0
003 DE-He213
005 20151204173843.0
007 cr nn 008mamaa
008 130910s2013 gw | s |||| 0|eng d
020 |a 9783642412240  |9 978-3-642-41224-0 
024 7 |a 10.1007/978-3-642-41224-0  |2 doi 
040 |d GrThAP 
050 4 |a QA76.9.A25 
072 7 |a UR  |2 bicssc 
072 7 |a UTN  |2 bicssc 
072 7 |a COM053000  |2 bisacsh 
082 0 4 |a 005.8  |2 23 
245 1 0 |a Security, Privacy, and Applied Cryptography Engineering  |h [electronic resource] :  |b Third International Conference, SPACE 2013, Kharagpur, India, October 19-23, 2013. Proceedings /  |c edited by Benedikt Gierlichs, Sylvain Guilley, Debdeep Mukhopadhyay. 
264 1 |a Berlin, Heidelberg :  |b Springer Berlin Heidelberg :  |b Imprint: Springer,  |c 2013. 
300 |a XIV, 191 p. 35 illus.  |b online resource. 
336 |a text  |b txt  |2 rdacontent 
337 |a computer  |b c  |2 rdamedia 
338 |a online resource  |b cr  |2 rdacarrier 
347 |a text file  |b PDF  |2 rda 
490 1 |a Lecture Notes in Computer Science,  |x 0302-9743 ;  |v 8204 
520 |a This book constitutes the refereed proceedings of the Third International Conference on Security, Privacy and Applied Cryptography Engineering held in Kharagpur, India, in October 2013. The 12 papers presented were carefully reviewed and selected from 39 submissions. The papers are organized in topical sections on implementations and protocols, side channel attacks and countermeasures, identity-based indentification schemes, and signatures. 
650 0 |a Computer science. 
650 0 |a Computer communication systems. 
650 0 |a Computer security. 
650 0 |a Data encryption (Computer science). 
650 0 |a Management information systems. 
650 1 4 |a Computer Science. 
650 2 4 |a Systems and Data Security. 
650 2 4 |a Computer Communication Networks. 
650 2 4 |a Data Encryption. 
650 2 4 |a Management of Computing and Information Systems. 
700 1 |a Gierlichs, Benedikt.  |e editor. 
700 1 |a Guilley, Sylvain.  |e editor. 
700 1 |a Mukhopadhyay, Debdeep.  |e editor. 
710 2 |a SpringerLink (Online service) 
773 0 |t Springer eBooks 
776 0 8 |i Printed edition:  |z 9783642412233 
830 0 |a Lecture Notes in Computer Science,  |x 0302-9743 ;  |v 8204 
856 4 0 |u http://dx.doi.org/10.1007/978-3-642-41224-0  |z Full Text via HEAL-Link 
912 |a ZDB-2-SCS 
912 |a ZDB-2-LNC 
950 |a Computer Science (Springer-11645)